Tratado de auditoria; tomo ii /

Guardado en:
Autor Principal: Fowler Newton, Enrique
Formato: Libro
Publicado: Argentina : Contabilidad Moderna, 1984
Edición:3a. ed.
Materias:
Etiquetas: Agregar Etiqueta
Sin Etiquetas, Sea el primero en etiquetar este registro!
LEADER 00811nam a22002175a 4500
001 CEM.cems002587
005 19000101000000.0
008 130507s1984##################000#0#####d
003 CEMS
082 0 4 |a 657.6 
100 1 |a Fowler Newton, Enrique 
245 1 0 |a Tratado de auditoria; tomo ii / 
250 |a 3a. ed. 
260 |a Argentina :  |b Contabilidad Moderna,  |c 1984 
300 |a 641 p. 
505 0 |a Ejercicio profesional de la auditoria.-Auditor¡a y muestreo estad¡stico, procesamiento electr¢nico de datos.-Auditor¡a de informaci¢n ajustada por inflaci¢n.-Auditor¡a de presupuestos y estados proyectados.- 
653 |a Auditoria 
653 |a Contabilidad 
653 |a Estados contables-auditoria 
653 |a Impuestos-auditoria 
859 |a CEMS  |b BIB. CEMS - 11 de abril  |h 657.6  |i F829a3/II  |p 13299.84  |t Ej.1